000 00696cam a22002413a 4500
001 5437
003 PGUSA
005 20140828083120.0
008 040401s2004||||xxu|||||s|||||000 1 eng d
040 _aPGUSA
_beng
042 _adc
050 4 _aPS
100 1 _aRoe, Edward Payson,
_d1838-1888
245 1 3 _aAn Original Belle
_h[electronic resource] /
_cEdward Payson Roe
260 _bProject Gutenberg,
_c2004
506 _aPublic domain in the USA.
516 _aElectronic text
653 _aUnited States -- History -- Civil War, 1861-1865 -- Fiction
653 _aLove stories
830 0 _aProject Gutenberg
_v5437
856 4 0 _uhttp://www.gutenberg.org/ebooks/5437
942 _cEB
999 _c234766
_d234766